<?xml version="1.0" encoding="UTF-8"?>
<record
    xmlns:xsi="http://www.w3.org/2001/XMLSchema-instance"
    xsi:schemaLocation="http://www.loc.gov/MARC21/slim http://www.loc.gov/standards/marcxml/schema/MARC21slim.xsd"
    xmlns="http://www.loc.gov/MARC21/slim">

  <leader>02868nam a22002537a 4500</leader>
  <controlfield tag="003">BJBSDDR</controlfield>
  <controlfield tag="005">20260515172152.0</controlfield>
  <controlfield tag="006">a|||||r|||| 00| 0 </controlfield>
  <controlfield tag="007">ta</controlfield>
  <controlfield tag="008">260515s20202019nyu|||||r|||| 00| 0 eng d</controlfield>
  <datafield tag="020" ind1=" " ind2=" ">
    <subfield code="a">9780399591617</subfield>
  </datafield>
  <datafield tag="040" ind1=" " ind2=" ">
    <subfield code="b">spa</subfield>
    <subfield code="c">BJBSDDR</subfield>
  </datafield>
  <datafield tag="041" ind1=" " ind2=" ">
    <subfield code="a">eng</subfield>
  </datafield>
  <datafield tag="050" ind1=" " ind2=" ">
    <subfield code="b">J13s 2020</subfield>
  </datafield>
  <datafield tag="100" ind1="1" ind2=" ">
    <subfield code="a">Jackson, Laura Lynne,</subfield>
    <subfield code="d">1969-</subfield>
    <subfield code="9">48484</subfield>
  </datafield>
  <datafield tag="245" ind1="1" ind2="0">
    <subfield code="a">Signs : </subfield>
    <subfield code="b">the secret language of the universe /</subfield>
    <subfield code="c">Laura Lynne Jackson.</subfield>
  </datafield>
  <datafield tag="250" ind1=" " ind2=" ">
    <subfield code="a">First Dial Press trade paperback edition</subfield>
  </datafield>
  <datafield tag="260" ind1=" " ind2=" ">
    <subfield code="a">New York :</subfield>
    <subfield code="b">Dial Press, </subfield>
    <subfield code="c">2020</subfield>
  </datafield>
  <datafield tag="300" ind1=" " ind2=" ">
    <subfield code="a">xxi, 288 pages ; </subfield>
    <subfield code="c">21 cm</subfield>
  </datafield>
  <datafield tag="505" ind1=" " ind2=" ">
    <subfield code="a">Contenidos :
Oranges
Cereal in the car
Teams of light
I carry your heart
Dragonflies and deer
Buddies on the other side
Hearts and playing cards
Hummingbirds and light
Giraffes, Eiffel Towers, and a song about cats
Default signs, dreams, and intuition: tuning in to the secret language
Bringing it home
1379
Ghost calls
Birds of a feather
Street signs
Dancing candles
Turtles and mermaids
The connector
All creatures great and small
Groundhogs
How to co-create your own language
Camouflage, a gun, and a new assignment
Babies and bears
Flickering lights and sparks
Bows and clovers
Rainbows
Tiny whispers
A gift of love and forgiveness
Surrender
How to shine brightly
Shine on</subfield>
  </datafield>
  <datafield tag="520" ind1=" " ind2=" ">
    <subfield code="a">Laura Lynne Jackson is a psychic medium and the author of the New York Times bestseller The Light Between Us. She possesses an incredible gift--the ability to communicate with loved ones who have passed, convey messages of love and healing, and impart a greater understanding of our interconnectedness. Though her abilities are exceptional, they are not unique, and that is the message at the core of this book. Understanding "the secret language of the universe" is a gift available to all. As we learn to ask for and recognize signs from the other side, we will start to find meaning where before there was only confusion, we will see light in the darkness. We may decide to change paths, push toward love, pursue joy, and engage with life in a whole new way. In Signs, Jackson is able to bring the mystical into the everyday. She relates stories of people who have experienced these uncanny revelations and instances of unexplained synchronicity, as well as those drawn from her own experience. There's the producer whose lost child appears to her as a deer that approaches her unhesitatingly at a highway rest stop; the name tag of an ER nurse that lets a terrified wife know that her husband will be okay; the Elvis Presley song that arrives at the exact time of her own father's passing; and many others. This is a book that is both inspiring and practical, deeply comforting and wonderfully motivational in asking us to see beyond ourselves to a more magnificent universal design.</subfield>
  </datafield>
  <datafield tag="942" ind1=" " ind2=" ">
    <subfield code="2">lcc</subfield>
    <subfield code="n">0</subfield>
    <subfield code="c">BK</subfield>
  </datafield>
  <datafield tag="946" ind1=" " ind2=" ">
    <subfield code="i">llh</subfield>
  </datafield>
  <datafield tag="999" ind1=" " ind2=" ">
    <subfield code="c">127117</subfield>
    <subfield code="d">127117</subfield>
  </datafield>
  <datafield tag="952" ind1=" " ind2=" ">
    <subfield code="0">0</subfield>
    <subfield code="1">0</subfield>
    <subfield code="2">lcc</subfield>
    <subfield code="4">0</subfield>
    <subfield code="7">0</subfield>
    <subfield code="8">APT</subfield>
    <subfield code="a">BJB</subfield>
    <subfield code="b">BJB</subfield>
    <subfield code="c">APT</subfield>
    <subfield code="d">2026-05-15</subfield>
    <subfield code="l">0</subfield>
    <subfield code="o">J13s 2020</subfield>
    <subfield code="p">00000200108</subfield>
    <subfield code="r">2026-05-15 17:22:08</subfield>
    <subfield code="t">1</subfield>
    <subfield code="w">2026-05-15</subfield>
    <subfield code="y">BK</subfield>
  </datafield>
</record>
